<?xml version="1.0" encoding="UTF-8"?>
<record
    xmlns:xsi="http://www.w3.org/2001/XMLSchema-instance"
    xsi:schemaLocation="http://www.loc.gov/MARC21/slim http://www.loc.gov/standards/marcxml/schema/MARC21slim.xsd"
    xmlns="http://www.loc.gov/MARC21/slim">

  <leader>01411nam a2200229 a 4500</leader>
  <controlfield tag="008">120416s1987    ||||||||||||||||| ||    u</controlfield>
  <datafield tag="020" ind1=" " ind2=" ">
    <subfield code="a">0538014903</subfield>
  </datafield>
  <datafield tag="050" ind1=" " ind2=" ">
    <subfield code="a">HF 5635 Ess</subfield>
  </datafield>
  <datafield tag="100" ind1=" " ind2=" ">
    <subfield code="a">Carlson, Arthur E</subfield>
  </datafield>
  <datafield tag="245" ind1="1" ind2="0">
    <subfield code="a">Essentials of accounting. (6th ed.)</subfield>
  </datafield>
  <datafield tag="250" ind1=" " ind2=" ">
    <subfield code="a">6th ed.</subfield>
  </datafield>
  <datafield tag="260" ind1=" " ind2=" ">
    <subfield code="a">Cincinnati, Ohio</subfield>
    <subfield code="b">South-Western</subfield>
    <subfield code="c">1987</subfield>
  </datafield>
  <datafield tag="300" ind1=" " ind2=" ">
    <subfield code="a">viii, 267p. : ill</subfield>
  </datafield>
  <datafield tag="350" ind1=" " ind2=" ">
    <subfield code="a">0.00</subfield>
  </datafield>
  <datafield tag="650" ind1=" " ind2="0">
    <subfield code="a">ACCOUNTING--HANDBOOKS, MANUALS, ETC</subfield>
  </datafield>
  <datafield tag="995" ind1=" " ind2=" ">
    <subfield code="a">MAIN LIBRARY OPEN ACCESS</subfield>
    <subfield code="D">0.00</subfield>
    <subfield code="e">005480</subfield>
    <subfield code="F">CBU-MAIN LIBRARY (Kitwe)</subfield>
    <subfield code="H">1</subfield>
    <subfield code="I">18.60</subfield>
    <subfield code="j">HF 5635 Ess</subfield>
    <subfield code="M">3</subfield>
    <subfield code="U">AVAILABLE</subfield>
    <subfield code="y">005480</subfield>
    <subfield code="Z">Main Library Open Access Collection</subfield>
  </datafield>
  <datafield tag="995" ind1=" " ind2=" ">
    <subfield code="a">ANNEX COLLECTION (Main Library)</subfield>
    <subfield code="D">0.00</subfield>
    <subfield code="e">005478</subfield>
    <subfield code="F">CBU-MAIN LIBRARY (Kitwe)</subfield>
    <subfield code="H">3</subfield>
    <subfield code="I">18.60</subfield>
    <subfield code="j">HF 5635 Ess</subfield>
    <subfield code="M">1</subfield>
    <subfield code="U">AVAILABLE</subfield>
    <subfield code="y">005478</subfield>
    <subfield code="Z">Annex Low-Usage Collection </subfield>
  </datafield>
  <datafield tag="995" ind1=" " ind2=" ">
    <subfield code="a">MAIN LIBRARY OPEN ACCESS</subfield>
    <subfield code="D">0.00</subfield>
    <subfield code="e">005479</subfield>
    <subfield code="F">CBU-MAIN LIBRARY (Kitwe)</subfield>
    <subfield code="H">2</subfield>
    <subfield code="I">18.60</subfield>
    <subfield code="j">HF 5635 Ess</subfield>
    <subfield code="M">2</subfield>
    <subfield code="U">AVAILABLE</subfield>
    <subfield code="y">005479</subfield>
    <subfield code="Z">Main Library Open Access Collection</subfield>
  </datafield>
  <datafield tag="995" ind1=" " ind2=" ">
    <subfield code="a">TEXTBOOKS (MIN.ENG.) </subfield>
    <subfield code="D">0.00</subfield>
    <subfield code="e">3541</subfield>
    <subfield code="F">CBU-SCHOOL TEXTBOOK COLLECTIONS</subfield>
    <subfield code="H">1</subfield>
    <subfield code="I">0.00</subfield>
    <subfield code="j">SCHOOL TEXTBOOK</subfield>
    <subfield code="M">1</subfield>
    <subfield code="U">AVAILABLE</subfield>
    <subfield code="W">Aug 13, 2009</subfield>
    <subfield code="y">3541</subfield>
    <subfield code="Z">School Collections</subfield>
  </datafield>
  <datafield tag="995" ind1=" " ind2=" ">
    <subfield code="a">TEXTBOOKS (MIN.ENG.) </subfield>
    <subfield code="D">0.00</subfield>
    <subfield code="e">03550</subfield>
    <subfield code="F">CBU-SCHOOL TEXTBOOK COLLECTIONS</subfield>
    <subfield code="H">1</subfield>
    <subfield code="I">0.00</subfield>
    <subfield code="j">SCHOOL TEXTBOOK</subfield>
    <subfield code="M">5</subfield>
    <subfield code="U">AVAILABLE</subfield>
    <subfield code="W">Aug 6, 2009</subfield>
    <subfield code="y">03550</subfield>
    <subfield code="Z">School Collections</subfield>
  </datafield>
  <datafield tag="995" ind1=" " ind2=" ">
    <subfield code="a">ANNEX COLLECTION (Main Library)</subfield>
    <subfield code="D">0.00</subfield>
    <subfield code="e">005481</subfield>
    <subfield code="F">CBU-MAIN LIBRARY (Kitwe)</subfield>
    <subfield code="H">4</subfield>
    <subfield code="I">18.60</subfield>
    <subfield code="j">HF 5635 Ess</subfield>
    <subfield code="M">4</subfield>
    <subfield code="U">AVAILABLE</subfield>
    <subfield code="y">005481</subfield>
    <subfield code="Z">Annex Low-Usage Collection </subfield>
  </datafield>
  <datafield tag="999" ind1=" " ind2=" ">
    <subfield code="c">62826</subfield>
    <subfield code="d">62826</subfield>
  </datafield>
  <datafield tag="952" ind1=" " ind2=" ">
    <subfield code="0">0</subfield>
    <subfield code="1">0</subfield>
    <subfield code="2">lcc</subfield>
    <subfield code="4">0</subfield>
    <subfield code="7">0</subfield>
    <subfield code="a">001</subfield>
    <subfield code="b">001</subfield>
    <subfield code="c">Main Library Open Access Collection</subfield>
    <subfield code="d">2022-12-16</subfield>
    <subfield code="l">0</subfield>
    <subfield code="o">HF 5635 Ess</subfield>
    <subfield code="p">005480</subfield>
    <subfield code="r">2022-12-16</subfield>
    <subfield code="w">2022-12-16</subfield>
    <subfield code="y">002</subfield>
  </datafield>
  <datafield tag="952" ind1=" " ind2=" ">
    <subfield code="0">0</subfield>
    <subfield code="1">0</subfield>
    <subfield code="2">lcc</subfield>
    <subfield code="4">0</subfield>
    <subfield code="7">0</subfield>
    <subfield code="a">001</subfield>
    <subfield code="b">001</subfield>
    <subfield code="c">Annex Low-Usage Collection </subfield>
    <subfield code="d">2022-12-16</subfield>
    <subfield code="l">0</subfield>
    <subfield code="o">HF 5635 Ess</subfield>
    <subfield code="p">005478</subfield>
    <subfield code="r">2022-12-16</subfield>
    <subfield code="w">2022-12-16</subfield>
    <subfield code="y">002</subfield>
  </datafield>
  <datafield tag="952" ind1=" " ind2=" ">
    <subfield code="0">0</subfield>
    <subfield code="1">0</subfield>
    <subfield code="2">lcc</subfield>
    <subfield code="4">0</subfield>
    <subfield code="7">0</subfield>
    <subfield code="a">001</subfield>
    <subfield code="b">001</subfield>
    <subfield code="c">Main Library Open Access Collection</subfield>
    <subfield code="d">2022-12-16</subfield>
    <subfield code="l">0</subfield>
    <subfield code="o">HF 5635 Ess</subfield>
    <subfield code="p">005479</subfield>
    <subfield code="r">2022-12-16</subfield>
    <subfield code="w">2022-12-16</subfield>
    <subfield code="y">002</subfield>
  </datafield>
  <datafield tag="952" ind1=" " ind2=" ">
    <subfield code="0">0</subfield>
    <subfield code="1">0</subfield>
    <subfield code="2">lcc</subfield>
    <subfield code="4">0</subfield>
    <subfield code="7">0</subfield>
    <subfield code="a">001</subfield>
    <subfield code="b">001</subfield>
    <subfield code="c">(MIN.ENG.) School Collections</subfield>
    <subfield code="d">2022-12-16</subfield>
    <subfield code="l">0</subfield>
    <subfield code="o">SCHOOL TEXTBOOK</subfield>
    <subfield code="p">3541</subfield>
    <subfield code="r">2022-12-16</subfield>
    <subfield code="w">2022-12-16</subfield>
    <subfield code="y">002</subfield>
  </datafield>
  <datafield tag="952" ind1=" " ind2=" ">
    <subfield code="0">0</subfield>
    <subfield code="1">0</subfield>
    <subfield code="2">lcc</subfield>
    <subfield code="4">0</subfield>
    <subfield code="7">0</subfield>
    <subfield code="a">001</subfield>
    <subfield code="b">001</subfield>
    <subfield code="c">(MIN.ENG.) School Collections</subfield>
    <subfield code="d">2022-12-16</subfield>
    <subfield code="l">0</subfield>
    <subfield code="o">SCHOOL TEXTBOOK</subfield>
    <subfield code="p">03550</subfield>
    <subfield code="r">2022-12-16</subfield>
    <subfield code="w">2022-12-16</subfield>
    <subfield code="y">002</subfield>
  </datafield>
  <datafield tag="952" ind1=" " ind2=" ">
    <subfield code="0">0</subfield>
    <subfield code="1">0</subfield>
    <subfield code="2">lcc</subfield>
    <subfield code="4">0</subfield>
    <subfield code="7">0</subfield>
    <subfield code="a">001</subfield>
    <subfield code="b">001</subfield>
    <subfield code="c">Annex Low-Usage Collection </subfield>
    <subfield code="d">2022-12-16</subfield>
    <subfield code="l">0</subfield>
    <subfield code="o">HF 5635 Ess</subfield>
    <subfield code="p">005481</subfield>
    <subfield code="r">2022-12-16</subfield>
    <subfield code="w">2022-12-16</subfield>
    <subfield code="y">002</subfield>
  </datafield>
</record>
